Statistics for Types of Roman Gladiators

Click here to take the quiz!

General Stats

  • This quiz has been taken 11 times
  • The average score is 5 of 25

Answer Stats

HintAnswer% Correct
Heavily armed and fought with a gladius sword, typically had a stylized fish on their helmetMurmillo
75%
Was made to mirror a fisherman, so they fought with a net and a tridentRetiarius
75%
Also made to mirror a Greek soldier, they had a Thracian curved sword, and were typically emblazoned with the crest of a griffon.Thraex
75%
They were known as the "lucky gladiators" because they fought with a good sword and a large shieldSamnite
50%
Developed to fight the trident wielding gladiators, their helmet was smooth and covered their entire face except for their eyes.Secutor
50%
The beast fightersBestiarius
25%
Fought on horsebackEques
25%
They used a traditional Gallic style of fighting, and were equipped with Gallic armorGallus
25%
A female gladiatorGladiatrix
25%
Fought with a bow and arrowSagittarius
25%
They used a special knife that had two blades coming out of the handleScissor
25%
A blindfolded gladiatorAndabata
0%
The "tomb fighters" who would fight at someone's funeralBustuarius
0%
A gladiator with no armor except a type of brass-knucklesCestus
0%
Foreign Gallic slaves dressed in heavy armor so they could be easily killed by Roman soldiersCrupellarius
0%
Fought with a sword in each handDimachaerus
0%
They were either brought in on a chariot, or fought while still in oneEssedarius
0%
Used a sword and shield; was made to look like a Greek 'hoplite' soldierHoplomachus
0%
Used a type of lasso to catch his enemiesLaquearius
0%
Used a small shield, and had two greaves (shinpads)Parmularius
0%
Originally they served to mirror a Roman legionare, and were the only gladiators to fight with a breastplateProvocator
0%
This gladiator was already freed, but chose to continue fighting in the arena, making them very popular amongst fansRudiarius
0%
Used a large shield and had only one greave (shinpad)Scutarius
0%
A rare gladiator that fought with a spear and a small round shieldVeles
0%
Instead of fighting, they either hunted or did tricks with animals such as putting a hand in a lions mouth or having an elephant walk a tightropeVenator
0%

Score Distribution

Percentile by Number Answered

Percent of People with Each Score

Your Score History

You have not taken this quiz